Spoločná tlačová správa o pobyte delegácie Ústrednej rady odborov v SFRS

Bibliographic Details
Format: Article
Language:Slovak
Subjects:

MARC

LEADER 00000nab a2200000 a 4500
001 vtls000140323
003 SK-MaSNL
005 20260303030147.0
008 190109c1983 xo 0 slo
015 |a SNBRB19rr/mm-uuuuu 
035 |a CL0150429 
040 |a SNKBUCL  |b slo  |c SNKBUCL  |e AACR2 
041 0 |a slo 
044 |a xo  |c SK 
080 |a 331.88(437)  |2 1981 
080 |a 331.88(100)(497.1)  |2 1981 
245 0 0 |a Spoločná tlačová správa o pobyte delegácie Ústrednej rady odborov v SFRS 
610 2 7 |a Revolučné odborové hnutie.  |b Ústredná rada odborov  |2 snkbucl  |9 180099 
655 7 |a články z novín a časopisov  |2 snkbucl  |9 267496 
773 0 |t Práca  |g Roč. 38, č. 28 (3. 2. 1983), s. 3 
850 |a Slovenská národná knižnica v Martine  |a MTA001 
852 |a SNK  |b KIS3GCP 
958 |a RK 
992 |a RBX 
999 |c 1650721  |d 1652651